<?xml version="1.0" encoding="UTF-8"?>
<resp>
  <nextPage>https://data.bn.org.pl/api/networks/bibs.marcxml?marc=001+b0000010231819&amp;sinceId=10231820</nextPage>
  <collection>
    <record xmlns='http://www.loc.gov/MARC21/slim'><leader>04045cam a2200985 i 4500</leader><controlfield tag='001'>b0000010231819</controlfield><controlfield tag='005'>20260313090948.4</controlfield><controlfield tag='008'>060105s2005    pl ad    f   |001 0 pol c</controlfield><controlfield tag='009'>9910863327905606</controlfield><datafield ind1=' ' ind2=' ' tag='015'><subfield code='a'>UWD 2020/40454</subfield></datafield><datafield ind1=' ' ind2=' ' tag='020'><subfield code='a'>8372052239</subfield><subfield code='q'>(oprawa miękka)</subfield></datafield><datafield ind1=' ' ind2=' ' tag='035'><subfield code='a'>598254-48omnis_uja</subfield></datafield><datafield ind1=' ' ind2=' ' tag='035'><subfield code='a'>(UJ)vtls000598254</subfield></datafield><datafield ind1=' ' ind2=' ' tag='035'><subfield code='a'>zz2006760299</subfield></datafield><datafield ind1=' ' ind2=' ' tag='035'><subfield code='a'>(OCoLC)749958204</subfield></datafield><datafield ind1=' ' ind2=' ' tag='035'><subfield code='a'>(PL)b0000010231819</subfield></datafield><datafield ind1=' ' ind2=' ' tag='040'><subfield code='a'>KR U</subfield><subfield code='c'>KR U</subfield></datafield><datafield ind1=' ' ind2=' ' tag='046'><subfield code='k'>2005</subfield></datafield><datafield ind1=' ' ind2=' ' tag='080'><subfield code='8'>1.1\x</subfield><subfield code='a'>339.138</subfield></datafield><datafield ind1=' ' ind2=' ' tag='080'><subfield code='8'>1.2\x</subfield><subfield code='a'>(075.8)</subfield></datafield><datafield ind1=' ' ind2=' ' tag='084'><subfield code='a'>01</subfield></datafield><datafield ind1='0' ind2='0' tag='245'><subfield code='a'>Podstawy marketingu :</subfield><subfield code='b'>kompendium, testy, zadania, analiza przypadków /</subfield><subfield code='c'>redakcja Eulalia Skawińska.</subfield></datafield><datafield ind1=' ' ind2=' ' tag='260'><subfield code='a'>Poznań :</subfield><subfield code='b'>Wydawnictwo Wyższej Szkoły Bankowej,</subfield><subfield code='c'>2005.</subfield></datafield><datafield ind1=' ' ind2=' ' tag='300'><subfield code='a'>180, [4] strony :</subfield><subfield code='b'>ilustracje, wykresy ;</subfield><subfield code='c'>24 cm.</subfield></datafield><datafield ind1=' ' ind2=' ' tag='336'><subfield code='a'>Tekst</subfield><subfield code='b'>txt</subfield><subfield code='2'>rdacontent</subfield></datafield><datafield ind1=' ' ind2=' ' tag='337'><subfield code='a'>Bez urządzenia pośredniczącego</subfield><subfield code='b'>n</subfield><subfield code='2'>rdamedia</subfield></datafield><datafield ind1=' ' ind2=' ' tag='338'><subfield code='a'>Wolumin</subfield><subfield code='b'>nc</subfield><subfield code='2'>rdacarrier</subfield></datafield><datafield ind1=' ' ind2=' ' tag='380'><subfield code='a'>Książki</subfield></datafield><datafield ind1=' ' ind2=' ' tag='380'><subfield code='a'>Publikacje dydaktyczne</subfield></datafield><datafield ind1=' ' ind2=' ' tag='380'><subfield code='a'>Publikacje naukowe</subfield></datafield><datafield ind1=' ' ind2=' ' tag='385'><subfield code='m'>Poziom nauczania</subfield><subfield code='a'>Szkoły wyższe</subfield></datafield><datafield ind1='1' ind2=' ' tag='388'><subfield code='a'>2001-</subfield></datafield><datafield ind1=' ' ind2=' ' tag='504'><subfield code='a'>Bibliografie przy rozdziałach. Indeks.</subfield></datafield><datafield ind1='8' ind2=' ' tag='521'><subfield code='a'>Dla osób studiujących marketing na różnych kierunkach czy stopniach studiów i dla wykładowców.</subfield></datafield><datafield ind1=' ' ind2='7' tag='650'><subfield code='a'>Marketing</subfield><subfield code='2'>DBN</subfield></datafield><datafield ind1=' ' ind2='7' tag='655'><subfield code='a'>Podręcznik</subfield><subfield code='2'>DBN</subfield></datafield><datafield ind1=' ' ind2=' ' tag='658'><subfield code='a'>Zarządzanie i marketing</subfield></datafield><datafield ind1='1' ind2=' ' tag='700'><subfield code='a'>Skawińska, Eulalia</subfield><subfield code='d'>(1943- )</subfield><subfield code='e'>Redakcja</subfield></datafield><datafield ind1='2' ind2=' ' tag='710'><subfield code='a'>Wydawnictwo Wyższej Szkoły Bankowej (Poznań)</subfield><subfield code='e'>Wydawca</subfield><subfield code='4'>pbl</subfield></datafield><datafield ind1=' ' ind2=' ' tag='852'><subfield code='b'>48OMNIS_UMKWT</subfield><subfield code='8'>991006861729706926</subfield></datafield><datafield ind1=' ' ind2=' ' tag='852'><subfield code='b'>48OMNIS_MPL</subfield><subfield code='8'>991001167239705069</subfield></datafield><datafield ind1=' ' ind2=' ' tag='852'><subfield code='b'>48OMNIS_TL</subfield><subfield code='8'>991000351679608218</subfield></datafield><datafield ind1=' ' ind2=' ' tag='852'><subfield code='b'>48OMNIS_ZAM</subfield><subfield code='8'>991003856611007766</subfield></datafield><datafield ind1=' ' ind2=' ' tag='852'><subfield code='8'>22783346640008832</subfield><subfield code='j'>1</subfield><subfield code='b'>AGHWZ</subfield><subfield code='p'>1110005211</subfield><subfield code='c'>WZ_MAG</subfield><subfield code='z'>Wypożyczenia dla uprawnionych czytelników WZ</subfield></datafield><datafield ind1=' ' ind2=' ' tag='852'><subfield code='8'>22106149650007661</subfield><subfield code='j'>1</subfield><subfield code='b'>10000</subfield><subfield code='p'>1011041424</subfield><subfield code='c'>U_BGmag</subfield></datafield><datafield ind1=' ' ind2=' ' tag='852'><subfield code='8'>22106149650007661</subfield><subfield code='j'>1</subfield><subfield code='b'>10000</subfield><subfield code='p'>1011035127</subfield><subfield code='c'>U_BGmag</subfield></datafield><datafield ind1=' ' ind2=' ' tag='852'><subfield code='8'>22106149680007661</subfield><subfield code='j'>1</subfield><subfield code='b'>1000000</subfield><subfield code='p'>1009501433</subfield><subfield code='c'>U_WEN</subfield></datafield><datafield ind1=' ' ind2=' ' tag='852'><subfield code='8'>22106149680007661</subfield><subfield code='j'>1</subfield><subfield code='b'>1000000</subfield><subfield code='p'>1009501195</subfield><subfield code='c'>U_WEN</subfield></datafield><datafield ind1=' ' ind2=' ' tag='852'><subfield code='8'>22725829720005066</subfield><subfield code='j'>1</subfield><subfield code='h'>3.663.889</subfield><subfield code='b'>BN_PL</subfield><subfield code='p'>30001033752134</subfield><subfield code='c'>bk8</subfield></datafield><datafield ind1=' ' ind2=' ' tag='852'><subfield code='8'>22644951370005066</subfield><subfield code='j'>1</subfield><subfield code='h'>3.145.684 A</subfield><subfield code='b'>BN_PL</subfield><subfield code='p'>30001029221668</subfield><subfield code='c'>bk1</subfield></datafield><datafield ind1=' ' ind2=' ' tag='852'><subfield code='8'>22159280520006831</subfield><subfield code='j'>1</subfield><subfield code='h'>566210 II</subfield><subfield code='b'>BuKul</subfield><subfield code='p'>1000599342</subfield><subfield code='c'>BG_Magazyn</subfield></datafield><datafield ind1=' ' ind2=' ' tag='852'><subfield code='8'>2265994630007664</subfield><subfield code='j'>1</subfield><subfield code='b'>BG</subfield><subfield code='p'>162266</subfield><subfield code='c'>AKG</subfield><subfield code='z'>K.28/06</subfield></datafield><datafield ind1=' ' ind2=' ' tag='852'><subfield code='8'>2265994600007664</subfield><subfield code='j'>1</subfield><subfield code='b'>BG_CZYT</subfield><subfield code='p'>263887</subfield><subfield code='c'>CZ_CZ</subfield><subfield code='z'>K.28/06</subfield></datafield><datafield ind1=' ' ind2=' ' tag='852'><subfield code='8'>2265994630007664</subfield><subfield code='j'>1</subfield><subfield code='b'>BG</subfield><subfield code='p'>162267</subfield><subfield code='c'>AKG</subfield><subfield code='z'>K.28/06</subfield></datafield><datafield ind1=' ' ind2=' ' tag='852'><subfield code='8'>2265875600007411</subfield><subfield code='j'>1</subfield><subfield code='b'>BU</subfield><subfield code='p'>723942</subfield><subfield code='c'>MAGK</subfield><subfield code='z'>K/220/06</subfield></datafield><datafield ind1=' ' ind2=' ' tag='852'><subfield code='8'>22477633200005067</subfield><subfield code='j'>1</subfield><subfield code='h'>BEZ 43111 M.o</subfield><subfield code='b'>WZIKS</subfield><subfield code='p'>1813047926</subfield><subfield code='c'>WZIKS_K</subfield></datafield><datafield ind1=' ' ind2=' ' tag='852'><subfield code='8'>22306778350006926</subfield><subfield code='j'>1</subfield><subfield code='h'>Def/***/Pod/2005</subfield><subfield code='b'>TORU</subfield><subfield code='p'>300047515767</subfield><subfield code='c'>Ekon_bg</subfield></datafield><datafield ind1=' ' ind2=' ' tag='852'><subfield code='8'>2232805620005069</subfield><subfield code='j'>1</subfield><subfield code='h'>28671 W 28671 W</subfield><subfield code='b'>LUBL_M</subfield><subfield code='p'>1000842543</subfield><subfield code='c'>30000</subfield><subfield code='z'>oprawa miękka</subfield></datafield><datafield ind1=' ' ind2=' ' tag='852'><subfield code='8'>2232805670005069</subfield><subfield code='j'>1</subfield><subfield code='h'>424808 II</subfield><subfield code='b'>LUBL_M</subfield><subfield code='p'>1000842534</subfield><subfield code='c'>10000</subfield><subfield code='z'>oprawa miękka</subfield></datafield><datafield ind1=' ' ind2=' ' tag='852'><subfield code='8'>225884730008218</subfield><subfield code='j'>1</subfield><subfield code='b'>TL_4_1</subfield><subfield code='p'>010962WD</subfield><subfield code='c'>TL_4_1_1</subfield></datafield><datafield ind1=' ' ind2=' ' tag='852'><subfield code='8'>2221800370007766</subfield><subfield code='j'>1</subfield><subfield code='b'>BG_ZAM_1</subfield><subfield code='p'>10136654</subfield><subfield code='c'>ZAM1_CZYT</subfield><subfield code='z'>196300K</subfield></datafield><datafield ind1=' ' ind2=' ' tag='852'><subfield code='b'>48OMNIS_UJA</subfield><subfield code='8'>991007398159705067</subfield></datafield><datafield ind1=' ' ind2=' ' tag='852'><subfield code='b'>48UWM_INST</subfield><subfield code='8'>990007804050107411</subfield></datafield><datafield ind1=' ' ind2=' ' tag='852'><subfield code='b'>48OMNIS_WSE</subfield><subfield code='8'>990001334520307664</subfield></datafield><datafield ind1=' ' ind2=' ' tag='852'><subfield code='b'>48OMNIS_KUL</subfield><subfield code='8'>991004523749706831</subfield></datafield><datafield ind1=' ' ind2=' ' tag='852'><subfield code='b'>48OMNIS_NLOP</subfield><subfield code='8'>991052748481905066</subfield></datafield><datafield ind1=' ' ind2=' ' tag='852'><subfield code='b'>48OMNIS_UMCS</subfield><subfield code='8'>991007028049707661</subfield></datafield><datafield ind1=' ' ind2=' ' tag='852'><subfield code='b'>48OMNIS_AGH</subfield><subfield code='8'>991001512249708832</subfield></datafield><datafield ind1=' ' ind2=' ' tag='852'><subfield code='b'>48OMNIS_NETWORK</subfield><subfield code='8'>9910863327905606</subfield></datafield><datafield ind1=' ' ind2=' ' tag='920'><subfield code='a'>83-7205-223-9 (oprawa miękka)</subfield></datafield></record>
  </collection>
</resp>
